[Event "HUN-chT2 Erkel 1718"]
[Site "Hungary"]
[Date "2017.10.29"]
[Round "3.7"]
[White "Szego, Krisztian"]
[Black "Matin, Gabor"]
[Result "1/2-1/2"]
[WhiteElo "1750"]
[BlackElo "1996"]
[PlyCount "85"]
[EventDate "2017.09.24"]
[EventType "team-tourn"]
[EventRounds "11"]
[EventCountry "HUN"]
[SourceTitle "EXT 2021"]
[Source "ChessBase"]
[SourceDate "2020.10.23"]
[SourceVersion "1"]
[SourceVersionDate "2020.10.23"]
[SourceQuality "1"]
[WhiteTeam "Andornaktalya"]
[BlackTeam "Gyongyos Energia"]
[WhiteTeamCountry "HUN"]
[BlackTeamCountry "HUN"]

1. d4 d5 2. Nf3 Nf6 3. c4 e6 4. Nc3 Be7 5. Bf4 0-0 6. e3 c6 7. Bd3 Bd6 8. Bg3 h6 9. Rc1 Re8 10. 0-0 Bxg3 11. hxg3 Nbd7 12. Re1 e5 13. Nxe5 Nxe5 14. dxe5 Rxe5 15. Be2 Bf5 16. Qb3 Qe7 17. cxd5 Nxd5 18. Nxd5 Rxd5 19. Red1 Be6 20. Bc4 Rb5 21. Qa3 Qxa3 22. bxa3 Bxc4 23. Rxc4 Rb2 24. Rb4 Rxb4 25. axb4 a5 26. bxa5 Rxa5 27. Rd8+ Kh7 28. Rb8 Ra7 29. a4 Kg6 30. a5 Rxa5 31. Rxb7 Ra1+ 32. Kh2 Rc1 33. g4 c5 34. Rb6+ f6 35. Rb7 c4 36. Rc7 c3 37. Kg3 c2 38. Rc5 Kf7 39. Kf3 Ke7 40. Ke4 Kd6 41. Rc8 g6 42. g3 Ke6 43. Rc6+ 1/2-1/2

[Event "HUN-chT2 Erkel 1617"]
[Site "Hungary"]
[Date "2017.02.26"]
[Round "9.4"]
[White "Matin, Gabor"]
[Black "Pop, Alexandru"]
[Result "0-1"]
[WhiteElo "2031"]
[BlackElo "2293"]
[PlyCount "121"]
[EventDate "2016.09.25"]
[EventType "team-tourn"]
[EventRounds "11"]
[EventCountry "HUN"]
[SourceTitle "EXT 2021"]
[Source "ChessBase"]
[SourceDate "2020.10.23"]
[SourceVersion "1"]
[SourceVersionDate "2020.10.23"]
[SourceQuality "1"]
[WhiteTeam "Gyongyos Matra"]
[BlackTeam "Szigetszentmiklos"]
[WhiteTeamCountry "HUN"]
[BlackTeamCountry "HUN"]

1. d4 d6 2. e4 Nf6 3. Nc3 g6 4. Bd3 Bg7 5. Nge2 0-0 6. 0-0 e5 7. dxe5 dxe5 8. Bg5 c6 9. a4 Nbd7 10. Bc4 Qe7 11. Ng3 Nc5 12. Qe2 Ne6 13. Bxe6 Bxe6 14. Rfd1 h6 15. Bd2 h5 16. h3 h4 17. Nf1 Nh5 18. Ne3 Rfd8 19. Nf5 gxf5 20. Qxh5 f4 21. Be1 Rxd1 22. Rxd1 Bf6 23. Kh2 Kg7 24. Ne2 Rh8 25. Qf3 Qc5 26. Qc3 Qe7 27. Qb4 b6 28. Qxe7 Bxe7 29. Ng1 Kg6 30. b3 f6 31. Bc3 Rd8 32. Rxd8 Bxd8 33. Nf3 Kh5 34. Kg1 a5 35. Kf1 b5 36. axb5 cxb5 37. Nd2 Bb6 38. Ke2 Bc8 39. Nb1 Bb7 40. f3 Kg5 41. Bd2 f5 42. exf5 Kxf5 43. Be1 Bd8 44. Nd2 e4 45. fxe4+ Bxe4 46. Nxe4 Kxe4 47. Bc3 Bb6 48. Be1 a4 49. Bb4 Bd4 50. bxa4 bxa4 51. c4 Bb2 52. Kd2 Kd4 53. c5 Kd5 54. Kc2 Be5 55. Ba3 Bd4 56. Bc1 Be3 57. Bb2 Bxc5 58. Kd3 Bd6 59. Ke2 a3 60. Bxa3 Bxa3 61. Kf3 0-1

[Event "HUN-chT2 Erkel 1617"]
[Site "Hungary"]
[Date "2016.10.30"]
[Round "3.4"]
[White "Matin, Gabor"]
[Black "Kiss, Peter2222"]
[Result "0-1"]
[WhiteElo "2031"]
[BlackElo "2133"]
[PlyCount "38"]
[EventDate "2016.09.25"]
[EventType "team-tourn"]
[EventRounds "11"]
[EventCountry "HUN"]
[SourceTitle "EXT 2021"]
[Source "ChessBase"]
[SourceDate "2020.10.23"]
[SourceVersion "1"]
[SourceVersionDate "2020.10.23"]
[SourceQuality "1"]
[WhiteTeam "Gyongyos Matra"]
[BlackTeam "Budapest Kobanya II"]
[WhiteTeamCountry "HUN"]
[BlackTeamCountry "HUN"]

1. d4 e6 2. Nf3 b6 3. g3 Bb7 4. Bg2 f5 5. 0-0 Nf6 6. Bg5 Be7 7. Nbd2 h6 8. Bxf6 Bxf6 9. Ne5 Bxg2 10. Kxg2 0-0 11. e3 d6 12. Qf3 dxe5 13. Qxa8 exd4 14. exd4 Qxd4 15. Nf3 Qa4 16. c3 Qa6 17. Rfe1 b5 18. Nd4 Bxd4 19. cxd4 Nc6 0-1

[Event "HUN-chT2 Erkel 1617"]
[Site "Hungary"]
[Date "2016.09.25"]
[Round "1.3"]
[White "Matin, Gabor"]
[Black "Bandy, Attila"]
[Result "0-1"]
[WhiteElo "2031"]
[BlackElo "2334"]
[PlyCount "82"]
[EventDate "2016.09.25"]
[EventType "team-tourn"]
[EventRounds "11"]
[EventCountry "HUN"]
[SourceTitle "EXT 2021"]
[Source "ChessBase"]
[SourceDate "2020.10.23"]
[SourceVersion "1"]
[SourceVersionDate "2020.10.23"]
[SourceQuality "1"]
[WhiteTeam "Gyongyos Matra"]
[BlackTeam "Szada GSBE"]
[WhiteTeamCountry "HUN"]
[BlackTeamCountry "HUN"]

1. d4 d5 2. c4 e6 3. Nc3 c6 4. e3 f5 5. Nf3 Nf6 6. Be2 Bd6 7. Ne5 Ne4 8. 0-0 0-0 9. f3 Nxc3 10. bxc3 b6 11. cxd5 cxd5 12. c4 Bb7 13. Bb2 Nd7 14. Rc1 Qe7 15. Qb3 Nxe5 16. dxe5 Bc5 17. Bd4 Rac8 18. cxd5 Bxd5 19. Bc4 Bxd4 20. exd4 Bxc4 21. Rxc4 Rxc4 22. Qxc4 Qd7 23. Rd1 Rd8 24. Kf2 Kf7 25. Ke3 Rc8 26. Qb3 Qc7 27. f4 Rd8 28. Rd2 Qc1 29. Qd1 Qc6 30. Qc2 Qb7 31. Qd3 h6 32. Rc2 Rd7 33. h3 Qd5 34. Rd2 Rc7 35. Rc2 Rd7 36. Rd2 Qa5 37. Qb3 Rc7 38. Qb1 Rc3+ 39. Ke2 Qd5 40. Kd1 Qc4 41. Rc2 Qf1+ 0-1

[Event "HUN-chT2 Erkel 1516"]
[Site "Hungary"]
[Date "2016.04.17"]
[Round "11.7"]
[White "Matin, Gabor"]
[Black "Novaky, Csaba"]
[Result "0-1"]
[WhiteElo "2043"]
[BlackElo "2059"]
[PlyCount "60"]
[EventDate "2015.09.13"]
[EventType "team-tourn"]
[EventRounds "11"]
[EventCountry "HUN"]
[SourceTitle "EXT 2017"]
[Source "ChessBase"]
[SourceDate "2016.10.25"]
[SourceVersion "1"]
[SourceVersionDate "2016.10.25"]
[SourceQuality "1"]
[WhiteTeam "Matra"]
[BlackTeam "Barcza BEAC"]
[WhiteTeamCountry "HUN"]
[BlackTeamCountry "HUN"]

1. d4 Nf6 2. c4 e5 3. e3 exd4 4. exd4 d5 5. Nc3 Nc6 6. cxd5 Nxd5 7. Bb5 Bb4 8. Nge2 0-0 9. 0-0 Nce7 10. a3 Ba5 11. Bg5 f6 12. Bd2 Bb6 13. Ne4 Nf5 14. Bc3 c6 15. Bc4 Kh8 16. Qc2 Nh4 17. Bd3 f5 18. N4g3 Qg5 19. f4 Qf6 20. Qd2 Re8 21. Kh1 Ne3 22. Rf2 Ng4 23. Rff1 Qh6 24. Ng1 Nxh2 25. Nh3 Nxf1 26. Rxf1 Be6 27. Rf2 Bd5 28. Nxf5 Nxf5 29. Bxf5 Qh5 30. Qd3 g6 0-1

[Event "HUN-chT2 Maroczy 0910"]
[Site "Hungary"]
[Date "2009.11.08"]
[Round "1"]
[White "Kiraly, Gergely"]
[Black "Matin, Gabor"]
[Result "0-1"]
[WhiteElo "1929"]
[BlackElo "2049"]
[PlyCount "108"]
[EventDate "2009.11.08"]
[EventType "team-tourn"]
[EventRounds "11"]
[EventCountry "HUN"]
[SourceTitle "EXT 2011"]
[Source "ChessBase"]
[SourceDate "2010.11.26"]
[SourceVersion "1"]
[SourceVersionDate "2010.11.26"]
[SourceQuality "1"]
[WhiteTeam "Fenstherm"]
[BlackTeam "Matra"]
[WhiteTeamCountry "HUN"]
[BlackTeamCountry "HUN"]

1. e4 c5 2. Nf3 Nc6 3. d4 cxd4 4. Nxd4 a6 5. Bc4 e6 6. Nc3 Nge7 7. Be3 b5 8. Bb3 Bb7 9. f3 Nxd4 10. Qxd4 Nc6 11. Qd2 Be7 12. 0-0-0 Ne5 13. Qf2 Bg5 14. Kb1 Bxe3 15. Qxe3 Bc6 16. Qc5 Ng6 17. Ne2 Qe7 18. Qxe7+ Kxe7 19. Rd2 Ra7 20. Rhd1 Rc8 21. Nd4 a5 22. Nxc6+ dxc6 23. a4 Rb7 24. c3 Ne5 25. f4 Nd7 26. axb5 cxb5 27. Rd4 Nc5 28. Bc2 b4 29. cxb4 axb4 30. b3 h6 31. Kb2 Rbc7 32. Bb1 Rb8 33. Rc4 Na4+ 34. Kc2 Rbc8 35. Rdd4 Rxc4+ 36. bxc4 Nc5 37. Kb2 Ra8 38. Bc2 Ra3 39. e5 Re3 40. Rd2 f6 41. exf6+ gxf6 42. g3 b3 43. Bb1 Re1 44. Bd3 Re3 45. Bb1 f5 46. Ka3 Re1 47. Bd3 Ra1+ 48. Kb4 Nxd3+ 49. Kxb3 Nc5+ 50. Kb4 Nd7 51. Kb5 Rc1 52. Rd4 h5 53. Kc6 Nf6 54. c5 Ne4 0-1

[Event "Eger Agria op"]
[Site "Eger"]
[Date "2009.07.24"]
[Round "4"]
[White "Szabo, Csanad"]
[Black "Matin, Gabor"]
[Result "1/2-1/2"]
[WhiteElo "1828"]
[BlackElo "2059"]
[PlyCount "84"]
[EventDate "2009.07.22"]
[EventType "swiss"]
[EventRounds "7"]
[EventCountry "HUN"]
[SourceTitle "EXT 2011"]
[Source "ChessBase"]
[SourceDate "2010.11.26"]
[SourceVersion "1"]
[SourceVersionDate "2010.11.26"]
[SourceQuality "1"]

1. d4 Nf6 2. c4 g6 3. Nc3 Bg7 4. e4 d6 5. f3 0-0 6. Be3 Nbd7 7. Qd2 Ne8 8. g4 e6 9. Nge2 Nb6 10. Ng3 f5 11. c5 dxc5 12. dxc5 Qxd2+ 13. Bxd2 Nd7 14. Bc4 Ne5 15. Be2 b6 16. gxf5 exf5 17. exf5 Bxf5 18. Nxf5 Rxf5 19. f4 Nf7 20. Bf3 Rd8 21. cxb6 axb6 22. 0-0-0 Nf6 23. Be3 Rd6 24. b3 Bh6 25. Rxd6 Nxd6 26. Ne2 Nd5 27. Bxd5+ Rxd5 28. Rd1 Rxd1+ 29. Kxd1 Nf5 30. Bf2 Kf7 31. Kc2 Ke6 32. Kc3 Kd5 33. Kd3 Bg7 34. Be1 c5 35. Nc3+ Kc6 36. Ne4 Bf8 37. Ng5 h6 38. Nf3 Bd6 39. Ke4 Ne7 40. Bh4 Nd5 41. Ne5+ Bxe5 42. Kxe5 b5 1/2-1/2

[Event "Eger Osz op"]
[Site "Eger"]
[Date "2008.10.24"]
[Round "4"]
[White "Matin, Gabor"]
[Black "Csizmadia, Lajos"]
[Result "1-0"]
[WhiteElo "2061"]
[BlackElo "1943"]
[PlyCount "73"]
[EventDate "2008.10.22"]
[EventType "swiss"]
[EventRounds "7"]
[EventCountry "HUN"]
[SourceTitle "EXT 2011"]
[Source "ChessBase"]
[SourceDate "2010.11.26"]
[SourceVersion "1"]
[SourceVersionDate "2010.11.26"]
[SourceQuality "1"]

1. d4 g6 2. c4 Bg7 3. Nc3 Nf6 4. e4 d6 5. Be2 0-0 6. f4 c5 7. Nf3 cxd4 8. Nxd4 Nc6 9. Be3 a6 10. 0-0 Nxd4 11. Bxd4 Qc7 12. Rc1 Be6 13. b3 Ne8 14. Be3 Bxc3 15. Rxc3 Ng7 16. f5 gxf5 17. Bh6 Qc5+ 18. Kh1 Kh8 19. Rg3 Rg8 20. Bd3 fxe4 21. Bxg7+ Rxg7 22. Rxg7 Kxg7 23. Bxe4 Rf8 24. Bxb7 a5 25. Qd3 f6 26. Re1 Qc7 27. Qe4 Bf7 28. Qxe7 Qxe7 29. Rxe7 Re8 30. Rxe8 Bxe8 31. Bd5 Kf8 32. a3 Ke7 33. Kg1 Kd8 34. Kf2 Kc7 35. Ke3 Kb6 36. b4 axb4 37. axb4 1-0

[Event "Eger Osz op"]
[Site "Eger"]
[Date "2008.10.23"]
[Round "2"]
[White "Matin, Gabor"]
[Black "Simon, Lenard"]
[Result "1-0"]
[WhiteElo "2061"]
[BlackElo "1952"]
[PlyCount "65"]
[EventDate "2008.10.22"]
[EventType "swiss"]
[EventRounds "7"]
[EventCountry "HUN"]
[SourceTitle "EXT 2011"]
[Source "ChessBase"]
[SourceDate "2010.11.26"]
[SourceVersion "1"]
[SourceVersionDate "2010.11.26"]
[SourceQuality "1"]

1. d4 Nf6 2. c4 g6 3. Nc3 Bg7 4. e4 d6 5. h3 0-0 6. Nf3 c5 7. Be3 cxd4 8. Nxd4 Nc6 9. Be2 Bd7 10. 0-0 Qa5 11. Nb3 Qd8 12. Qd2 Qb8 13. Bh6 Re8 14. Rad1 Rc8 15. Bxg7 Kxg7 16. f4 a6 17. Qe3 Qa7 18. c5 Be6 19. Nd5 dxc5 20. f5 Bxd5 21. exd5 Nb4 22. fxg6 c4 23. Nd4 hxg6 24. Qxe7 Nbxd5 25. Qe5 Re8 26. Qg5 Rxe2 27. Kh1 Re4 28. Nf5+ Kg8 29. Rxd5 Nxd5 30. Nh6+ Kf8 31. Qxd5 Re7 32. Rxf7+ Ke8 33. Rf8+ 1-0

[Event "Eger Osz op"]
[Site "Eger"]
[Date "2008.10.22"]
[Round "1"]
[White "Varga, Mihaly"]
[Black "Matin, Gabor"]
[Result "0-1"]
[WhiteElo "1786"]
[BlackElo "2061"]
[PlyCount "76"]
[EventDate "2008.10.22"]
[EventType "swiss"]
[EventRounds "7"]
[EventCountry "HUN"]
[SourceTitle "EXT 2011"]
[Source "ChessBase"]
[SourceDate "2010.11.26"]
[SourceVersion "1"]
[SourceVersionDate "2010.11.26"]
[SourceQuality "1"]

1. d4 d5 2. c4 e6 3. Nc3 c6 4. Nf3 Nd7 5. e4 dxe4 6. Nxe4 Ngf6 7. Bd3 Nxe4 8. Bxe4 Nf6 9. Bc2 g6 10. 0-0 Bg7 11. Re1 0-0 12. Rb1 b6 13. b4 Qc7 14. h3 Rd8 15. Qe2 c5 16. dxc5 bxc5 17. b5 Bb7 18. Bg5 Qa5 19. a4 h6 20. Bd2 Qc7 21. Ne5 Nh5 22. Nxg6 Rxd2 23. Qxd2 fxg6 24. Bxg6 Nf4 25. Be4 Rf8 26. Rb3 Kh8 27. Rg3 Bd4 28. Kh1 e5 29. Rf3 Bxe4 30. Rxe4 Qh7 31. Re1 Rg8 32. Rg1 Qg6 33. Rg3 Qe4 34. Rxg8+ Kxg8 35. Qa5 Qa8 36. b6 a6 37. Qd2 Nxh3 38. Qxh6 Nxf2+ 0-1

[Event "HUN-chT2 Maroczy 0708"]
[Site "Hungary"]
[Date "2008.03.30"]
[Round "9"]
[White "Matin, Gabor"]
[Black "Miricz, Eniko"]
[Result "1-0"]
[WhiteElo "2055"]
[BlackElo "1595"]
[PlyCount "57"]
[EventDate "2007.10.14"]
[EventType "team"]
[EventRounds "11"]
[EventCountry "HUN"]
[SourceTitle "EXT 2009"]
[Source "ChessBase"]
[SourceDate "2008.11.26"]
[SourceVersion "1"]
[SourceVersionDate "2008.11.26"]
[SourceQuality "1"]
[WhiteTeam "Matra"]
[BlackTeam "Salgotarjan"]
[WhiteTeamCountry "HUN"]
[BlackTeamCountry "HUN"]

1. d4 f5 2. c4 g6 3. Nc3 Nf6 4. g3 d6 5. Bg2 Bg7 6. Nh3 0-0 7. Ng5 c6 8. d5 h6 9. Nh3 c5 10. Nf4 Kh7 11. h4 Qe8 12. Qd3 Na6 13. a3 Nc7 14. Bf3 Kg8 15. Bd2 a6 16. Rd1 g5 17. hxg5 hxg5 18. Bh5 Nxh5 19. Nxh5 Qg6 20. Nxg7 Qxg7 21. Rh5 f4 22. Ne4 Rf5 23. Bc3 Qg6 24. g4 Kf7 25. Qh3 Ke8 26. Rh6 Qf7 27. Rh8+ Kd7 28. gxf5 Ne8 29. Nxg5 1-0

[Event "HUN-chT2 Maroczy 0708"]
[Site "Hungary"]
[Date "2008.02.17"]
[Round "6"]
[White "Csomor, Viktor"]
[Black "Matin, Gabor"]
[Result "0-1"]
[WhiteElo "1874"]
[BlackElo "2055"]
[PlyCount "180"]
[EventDate "2007.10.14"]
[EventType "team"]
[EventRounds "11"]
[EventCountry "HUN"]
[SourceTitle "EXT 2009"]
[Source "ChessBase"]
[SourceDate "2008.11.26"]
[SourceVersion "1"]
[SourceVersionDate "2008.11.26"]
[SourceQuality "1"]
[WhiteTeam "Penzugyor"]
[BlackTeam "Matra"]
[WhiteTeamCountry "HUN"]
[BlackTeamCountry "HUN"]

1. d4 d5 2. c4 c6 3. Nf3 Nf6 4. Nc3 h6 5. cxd5 cxd5 6. Bf4 Nc6 7. e3 Bd7 8. Ne5 a6 9. Nxd7 Qxd7 10. Be2 e6 11. 0-0 Bd6 12. Bxd6 Qxd6 13. Qb3 Rb8 14. Rfc1 0-0 15. Na4 Nd7 16. Nc5 Nxc5 17. Rxc5 Rfd8 18. Rac1 Rdc8 19. Qb6 Rd8 20. Bxa6 bxa6 21. Qxc6 Rxb2 22. Qxd6 Rxd6 23. a4 Rdb6 24. a5 R6b5 25. Kf1 Ra2 26. Rxb5 axb5 27. Rc8+ Kh7 28. Ra8 g5 29. a6 Kg7 30. a7 b4 31. Ke1 b3 32. Rb8 Rxa7 33. Rxb3 Ra2 34. g3 Ra1+ 35. Ke2 Rh1 36. Kf3 Rxh2 37. Rb1 g4+ 38. Ke2 Kg6 39. Rb8 Rh1 40. Rg8+ Kf5 41. Rf8 f6 42. Rd8 h5 43. Rd7 h4 44. gxh4 Rxh4 45. Rd6 Rh7 46. Kf1 Re7 47. Kg2 Ke4 48. Kg3 f5 49. Ra6 e5 50. dxe5 Kxe5 51. Ra8 Re6 52. Rf8 Re7 53. Rd8 Rh7 54. Re8+ Kf6 55. Rf8+ Ke6 56. Re8+ Re7 57. Rf8 Ke5 58. Rd8 Ke4 59. Ra8 Rh7 60. Re8+ Kd3 61. Re5 Rh3+ 62. Kg2 Rf3 63. Rxd5+ Ke2 64. Ra5 Rxf2+ 65. Kg1 Rf3 66. Re5 Rf2 67. Re8 Kf3 68. Re5 Kg3 69. Re8 Rg2+ 70. Kf1 Kf3 71. Ke1 Re2+ 72. Kf1 Rxe3 73. Rf8 f4 74. Rd8 g3 75. Rd2 Ra3 76. Rd1 Ra2 77. Rb1 Kg4 78. Rb4 Rf2+ 79. Kg1 Re2 80. Kf1 g2+ 81. Kg1 Kf3 82. Kh2 Re1 83. Rb3+ Kf2 84. Rb2+ Re2 85. Rb1 f3 86. Ra1 g1Q+ 87. Rxg1 Re6 88. Rg3 Rh6+ 89. Rh3 Rxh3+ 90. Kxh3 Ke2 0-1

[Event "Gyongyos Matra Cup"]
[Site "Gyongyos"]
[Date "2003.07.29"]
[Round "7"]
[White "Matin, Gabor"]
[Black "Beszterczey, Laszlo"]
[Result "1-0"]
[WhiteElo "2100"]
[BlackElo "2098"]
[PlyCount "77"]
[EventDate "2003.07.22"]
[EventType "swiss"]
[EventRounds "9"]
[EventCountry "HUN"]
[SourceTitle "EXT 2005"]
[Source "ChessBase"]
[SourceDate "2004.11.15"]
[SourceVersion "1"]
[SourceVersionDate "2004.11.15"]
[SourceQuality "1"]

1. d4 g6 2. c4 Bg7 3. Nc3 c5 4. e3 f5 5. Nf3 b6 6. g3 Bb7 7. Bg2 d6 8. d5 Nf6 9. 0-0 0-0 10. Ng5 Qd7 11. Ne6 Rf7 12. Qc2 Na6 13. a3 Nc7 14. b3 Rb8 15. Nxg7 Rxg7 16. Bb2 e5 17. dxe6 Qxe6 18. Rad1 Bxg2 19. Kxg2 Rd7 20. Nd5 Ncxd5 21. cxd5 Qe4+ 22. Qxe4 Nxe4 23. f3 Ng5 24. h4 Nf7 25. e4 fxe4 26. fxe4 Re8 27. Rf4 Rde7 28. Re1 Nh6 29. Kf3 Rf7 30. Bf6 a6 31. g4 Kf8 32. Ke3 b5 33. Kd3 Rc8 34. g5 c4+ 35. bxc4 bxc4+ 36. Kc3 Rb7 37. gxh6 Rb3+ 38. Kc2 Rxa3 39. Bb2+ 1-0

[Event "Gyongyos Matra Cup"]
[Site "Gyongyos"]
[Date "2003.07.25"]
[Round "4"]
[White "Matin, Gabor"]
[Black "Babarczy, Peter"]
[Result "1/2-1/2"]
[WhiteElo "2100"]
[BlackElo "2059"]
[PlyCount "66"]
[EventDate "2003.07.22"]
[EventType "swiss"]
[EventRounds "9"]
[EventCountry "HUN"]
[SourceTitle "EXT 2005"]
[Source "ChessBase"]
[SourceDate "2004.11.15"]
[SourceVersion "1"]
[SourceVersionDate "2004.11.15"]
[SourceQuality "1"]

1. d4 d5 2. c4 e5 3. cxd5 Qxd5 4. e3 exd4 5. Qxd4 Qxd4 6. exd4 Nc6 7. Bb5 Bd7 8. Ne2 Nb4 9. Bxd7+ Kxd7 10. Na3 Nd3+ 11. Kf1 Nxc1 12. Rxc1 Bxa3 13. bxa3 Nf6 14. f3 Rhe8 15. Kf2 Nd5 16. Rhd1 Re6 17. Rd3 Rae8 18. Ng3 b6 19. Rc2 Rc6 20. Rcd2 g6 21. Ne2 Rce6 22. Ng3 f5 23. Rc2 Re3 24. Rcd2 Rxd3 25. Rxd3 Re6 26. Ne2 Rxe2+ 27. Kxe2 Nf4+ 28. Ke3 Nxd3 29. Kxd3 Kd6 30. Kc4 g5 31. a4 a6 32. g3 h5 33. f4 g4 1/2-1/2

[Event "Gyongyos Matra Cup"]
[Site "Gyongyos"]
[Date "2003.07.23"]
[Round "2"]
[White "Bognar, Bence"]
[Black "Matin, Gabor"]
[Result "0-1"]
[WhiteElo "2025"]
[BlackElo "2100"]
[PlyCount "78"]
[EventDate "2003.07.22"]
[EventType "swiss"]
[EventRounds "9"]
[EventCountry "HUN"]
[SourceTitle "EXT 2005"]
[Source "ChessBase"]
[SourceDate "2004.11.15"]
[SourceVersion "1"]
[SourceVersionDate "2004.11.15"]
[SourceQuality "1"]

1. e4 e5 2. Nf3 Nf6 3. Nc3 Nc6 4. Bc4 Be7 5. d3 d6 6. h3 Na5 7. Bb3 0-0 8. Bg5 c6 9. 0-0 h6 10. Bh4 b5 11. Re1 Nxb3 12. axb3 b4 13. Ne2 c5 14. Kh2 Ng4+ 15. Kg3 Bxh4+ 16. Nxh4 Nxf2 17. Qd2 f5 18. exf5 Bxf5 19. Nxf5 Rxf5 20. Rf1 Qf6 21. Rfe1 e4 22. Kh2 Qh4 23. Ng1 Ng4+ 24. Kh1 Qg3 25. hxg4 Rf2 26. Qxf2 Qxf2 27. Re2 Qh4+ 28. Nh3 exd3 29. cxd3 Qxg4 30. Re4 Qg3 31. Rd1 a5 32. Kg1 a4 33. bxa4 Rxa4 34. d4 c4 35. Nf2 Ra2 36. Rd2 Ra1+ 37. Rd1 Rxd1+ 38. Nxd1 Qd3 39. Re1 Qxd4+ 0-1